01375nam a22003017a 4500003000900000005001700009007000300026008004100029020001800070040002500088082001300113100003700126245017600163260004700339300003600386500004200422504003500464590002900499700004600528700003400574700004000608910001500648942001400663952012300677952012800800952012800928999001701056DO-SdBNP20240404094740.0ta220210b2021 dr ab||| |||| 00| 0 spa d a9789945618402 aDO-SdBNPbspacBNPHU 4222bI43s 910518aInfante, Fernando,d1935-10aSanto Domingo y Saint Domingue :bun vistazo sobre su historia /cFernando Infante ; prólogo Filiberto Cruz Sánchez ; revisión Naya Despradel, Herman Mella Chavier. aSanto Domingo : bAmigo del hogar, c2021. a207 p. :bil., mapas ;c23 cm.  aIncluye notas al pie de las páginas aBibliografía : p. [209-211]  aInventariado, 2022 /LP 1 aCruz Sánchez, Filibertoepról.9131121 aDespradel, Naya,erev.9812311 aMella Chavier, Herman,erev.981232 aLopérez. 2ddccLBS1 00102ddc53708PDaBNPHUbBNPHUcHDd2022-02-10eDepósito Legal l0oI43sp2022-0744r2022-02-10w2022-02-10yLBS1 00102ddc53708PDaBNPHUbBNPHUcHDd2022-02-10eDepósito Legal l0oI43sp2022-0745r2022-02-10te.2w2022-02-10yLBS1 00102ddc56708DSaBNPHUbBNPHUcHDd2022-02-10eDepósito Legal l0oI43sp2022-0746r2022-02-10te.3w2022-02-10yLBS1 c51410d51410